Betrachtungen über zehn Jahre Transsexuellengesetz

Gespeichert in:  
Bibliographische Detailangaben
VerfasserInnen: Osburg, Susanne (Verfasst von) ; Weitze, Cordula (Verfasst von)
Medienart: Druck Aufsatz
Sprache:Deutsch
Veröffentlicht: 1993
In: Recht & Psychiatrie
Jahr: 1993, Band: 11, Heft: 3, Seiten: 94-107
Verfügbarkeit prüfen: HBZ Gateway
Schlagwörter:

MARC

LEADER 00000caa a22000002c 4500
001 1640263268
003 DE-627
005 20220608131546.0
007 tu
008 160223s1993 xx ||||| 00| ||ger c
035 |a (DE-627)1640263268 
035 |a (DE-576)456099433 
035 |a (DE-599)BSZ456099433 
040 |a DE-627  |b ger  |c DE-627  |e rakwb 
041 |a ger 
100 1 |a Osburg, Susanne  |4 aut 
245 1 0 |a Betrachtungen über zehn Jahre Transsexuellengesetz  |c Susanne Osburg, Cordula Weitze 
264 1 |c 1993 
336 |a Text  |b txt  |2 rdacontent 
337 |a ohne Hilfsmittel zu benutzen  |b n  |2 rdamedia 
338 |a Band  |b nc  |2 rdacarrier 
700 1 |a Weitze, Cordula  |4 aut 
773 0 8 |i In  |t Recht & Psychiatrie  |d Köln : Psychiatrie-Verl., 1983  |g 11(1993), 3, Seite 94-107  |w (DE-627)130399531  |w (DE-600)604939-4  |w (DE-576)015903133  |x 0724-2247  |7 nnas 
773 1 8 |g volume:11  |g year:1993  |g number:3  |g pages:94-107 
935 |a mkri 
951 |a AR 
ELC |b 1 
LOK |0 000 xxxxxcx a22 zn 4500 
LOK |0 001 3301760112 
LOK |0 003 DE-627 
LOK |0 004 1640263268 
LOK |0 005 20250220124828 
LOK |0 008 160208||||||||||||||||ger||||||| 
LOK |0 040   |a DE-21-110  |c DE-627  |d DE-21-110 
LOK |0 689   |a s  |a Transsexualität 
LOK |0 852   |a DE-21-110 
LOK |0 852 1  |m p  |9 00 
LOK |0 935   |a k110 
LOK |0 938   |k p 
LOK |0 939   |a 08-02-16  |b l01 
ORI |a SA-MARC-krimdoka001.raw